| 000 | 00639nam a2200205Ia 4500 | ||
|---|---|---|---|
| 005 | 20221124114059.0 | ||
| 008 | 131103s9999 xx 000 0 und d | ||
| 020 |
_a195640500 _cRs.1550 |
||
| 040 | _aLoreto College | ||
| 041 | _aEnglish | ||
| 082 |
_a954.01 _bTHA |
||
| 100 | _aThapar,Romila | ||
| 245 |
_aCultural pasts;essays in early Indian History _b essays in early Indian History _cRomila Thapar |
||
| 260 |
_aNew Delhi _bOxford University Press _c2000 |
||
| 300 |
_axi,1156p. _b illus. |
||
| 504 | _aPrice of Accn no.47084 is Rs.635.00 and ISBN 0195664876 | ||
| 650 | _aAncient Indian History | ||
| 850 | _aLCLIB | ||
| 942 | _cBK | ||
| 999 |
_c8935 _d59414 |
||